<?xml version="1.0" encoding="UTF-8"?>
<record
    xmlns:xsi="http://www.w3.org/2001/XMLSchema-instance"
    xsi:schemaLocation="http://www.loc.gov/MARC21/slim http://www.loc.gov/standards/marcxml/schema/MARC21slim.xsd"
    xmlns="http://www.loc.gov/MARC21/slim">

  <leader>01085nam a2200313Ia 4500</leader>
  <controlfield tag="001">057174</controlfield>
  <controlfield tag="008">221003m2019    xx            000 0 spa d</controlfield>
  <datafield tag="035" ind1=" " ind2=" ">
    <subfield code="a">CENDO_46740</subfield>
  </datafield>
  <datafield tag="041" ind1=" " ind2=" ">
    <subfield code="a">spa</subfield>
  </datafield>
  <datafield tag="100" ind1=" " ind2=" ">
    <subfield code="a">MIQUEL NOVAJRA, Alejandro</subfield>
    <subfield code="9">31014</subfield>
  </datafield>
  <datafield tag="245" ind1=" " ind2="0">
    <subfield code="a">Fascismo, neofascismo, postfascismo, populismo de derecha, extrema derecha... &#xBF;vale facha? /</subfield>
    <subfield code="c">Alejandro Miquel Novajra</subfield>
  </datafield>
  <datafield tag="260" ind1=" " ind2=" ">
    <subfield code="a">Palma de Mallorca :</subfield>
    <subfield code="b">Confederaci&#xF3;n Sindical de les Illes Balears,</subfield>
    <subfield code="c">2019</subfield>
  </datafield>
  <datafield tag="300" ind1=" " ind2=" ">
    <subfield code="a">4 p.  ;</subfield>
    <subfield code="c"> 30 cm</subfield>
  </datafield>
  <datafield tag="500" ind1=" " ind2=" ">
    <subfield code="a">En: Unitat, n. 8 (diciembre 2019), p. 48-51</subfield>
  </datafield>
  <datafield tag="650" ind1=" " ind2="0">
    <subfield code="a">ACTITUD SINDICAL</subfield>
    <subfield code="9">61</subfield>
  </datafield>
  <datafield tag="650" ind1=" " ind2=" ">
    <subfield code="a">IDEOLOGIA POLITICA</subfield>
    <subfield code="9">1711</subfield>
  </datafield>
  <datafield tag="650" ind1=" " ind2=" ">
    <subfield code="a">ESPA&#xD1;A</subfield>
    <subfield code="9">9</subfield>
  </datafield>
  <datafield tag="650" ind1=" " ind2=" ">
    <subfield code="a">HISTORIA</subfield>
    <subfield code="9">26</subfield>
  </datafield>
  <datafield tag="710" ind1=" " ind2=" ">
    <subfield code="a">CCOO</subfield>
    <subfield code="b">Confederaci&#xF3;n Sindical de les Illes Balears,</subfield>
    <subfield code="e">ed.</subfield>
    <subfield code="9">4174</subfield>
  </datafield>
  <datafield tag="856" ind1=" " ind2=" ">
    <subfield code="z">PDF</subfield>
    <subfield code="u">http://docpublicos.ccoo.es/cendoc/057174FascismoNeofascismoPostfascismo.pdf</subfield>
  </datafield>
  <datafield tag="901" ind1=" " ind2=" ">
    <subfield code="a">1</subfield>
  </datafield>
  <datafield tag="903" ind1=" " ind2=" ">
    <subfield code="a">NO</subfield>
  </datafield>
  <datafield tag="904" ind1=" " ind2=" ">
    <subfield code="a">000</subfield>
  </datafield>
  <datafield tag="907" ind1=" " ind2=" ">
    <subfield code="a">Pol&#xED;tica</subfield>
  </datafield>
  <datafield tag="953" ind1=" " ind2=" ">
    <subfield code="d">2020-01-22</subfield>
    <subfield code="y">DOCU_ELEC</subfield>
    <subfield code="h">Unitat, n. 8 (diciembre 2019), p. 48-51</subfield>
    <subfield code="t">PS95</subfield>
  </datafield>
  <datafield tag="999" ind1=" " ind2=" ">
    <subfield code="c">46739</subfield>
    <subfield code="d">46739</subfield>
  </datafield>
  <datafield tag="910" ind1=" " ind2=" ">
    <subfield code="a">2019</subfield>
  </datafield>
  <datafield tag="942" ind1=" " ind2=" ">
    <subfield code="c">DOCU_ELEC</subfield>
  </datafield>
  <datafield tag="952" ind1=" " ind2=" ">
    <subfield code="0">0</subfield>
    <subfield code="1">0</subfield>
    <subfield code="4">0</subfield>
    <subfield code="7">0</subfield>
    <subfield code="a">CENDO</subfield>
    <subfield code="b">CENDO</subfield>
    <subfield code="d">2020-01-22</subfield>
    <subfield code="h">Unitat, n. 8 (diciembre 2019), p. 48-51</subfield>
    <subfield code="l">0</subfield>
    <subfield code="p">CENDO_46740</subfield>
    <subfield code="r">2022-10-05 00:00:00</subfield>
    <subfield code="t">PS95</subfield>
    <subfield code="w">2022-10-05</subfield>
    <subfield code="y">DOCU_ELEC</subfield>
  </datafield>
</record>
